Water and post-conflict peacebuilding
Salvato in:
| Altri autori: | , , |
|---|---|
| Natura: | Libro |
| Lingua: | inglese |
| Pubblicazione: |
Abingdon
Earthscan/from Routledge
2014
|
| Soggetti: | |
| Tags: |
Nessun Tag, puoi essere il primo ad aggiungerne!!
|
MARC
| LEADER | 00000nam a2200000 4500 | ||
|---|---|---|---|
| 001 | 0193094 | ||
| 005 | 20240315121833.3 | ||
| 020 | |a 978-1-84971-232-3 | ||
| 041 | 0 | |a eng | |
| 044 | |a GB | ||
| 245 | 1 | 0 | |a Water and post-conflict peacebuilding |c edited by Erika Weinthal, Jessica Troell and Mikiyasu Nakayama |
| 264 | 1 | |a Abingdon |b Earthscan/from Routledge |c 2014 | |
| 300 | |a xviii, 525 s. | ||
| 610 | 2 | 0 | |a zdroje vodné |
| 610 | 2 | 0 | |a infraštruktúra |
| 610 | 2 | 0 | |a prostredie životné |
| 610 | 2 | 0 | |a konflikty medzinárodné |
| 610 | 2 | 0 | |a vojny |
| 610 | 2 | 0 | |a bezpečnosť |
| 610 | 2 | 0 | |a pomoc medzinárodná |
| 610 | 2 | 0 | |a programy rozvojové |
| 700 | 1 | |a Weinthal, Erika | |
| 700 | 1 | |a Troell, Jessica | |
| 700 | 1 | |a Nakayama, Mikiyasu | |